| 000 | 00983nab a2200265 u 4500 | ||
|---|---|---|---|
| 001 | 02807 | ||
| 003 | HDC | ||
| 007 | cr bn --- | ||
| 008 | 201220p2008 -uk n |0 eng | ||
| 040 | _aHDC | ||
| 100 |
_aDerigs, Ulrich, _eauthor _9876 |
||
| 245 | 0 |
_aReview and analysis of current Shariah-compliant equity screening practices / _cby Ulrich Derigs and Shehab Marzban |
|
| 260 |
_aBingley, U.K. : _bEmerald Group Publishing Limited, _c2008 |
||
| 300 | _a1 online resource (23 pages) | ||
| 336 |
_atext _2rdacontent |
||
| 337 |
_acomputer _2rdamedia |
||
| 338 |
_aonline resource _2rdacarrier |
||
| 650 |
_aBusiness enterprises _xFinance _9878 |
||
| 650 |
_aFinance _xReligious aspects _xIslam _9438 |
||
| 650 |
_aFinancial management _9877 |
||
| 856 | _zRequest full-text at [email protected] | ||
| 942 | _2lcc | ||
| 942 | _cAR | ||
| 942 | _kJART 001589 | ||
| 999 |
_c194 _d194 |
||